Philosophy of Education/ (Record no. 89214)
[ view plain ]
| 000 -LEADER | |
|---|---|
| fixed length control field | 00787nam a22002657a 4500 |
| 003 - CONTROL NUMBER IDENTIFIER | |
| control field | URS |
| 005 - DATE AND TIME OF LATEST TRANSACTION | |
| control field | 20260204161923.0 |
| 008 - FIXED-LENGTH DATA ELEMENTS--GENERAL INFORMATION | |
| fixed length control field | 260204b |||||||| |||| 00| 0 eng d |
| 020 ## - INTERNATIONAL STANDARD BOOK NUMBER | |
| International Standard Book Number | 978-621-02-2005-6 |
| 040 ## - CATALOGING SOURCE | |
| Transcribing agency | URS |
| 050 00 - LIBRARY OF CONGRESS CALL NUMBER | |
| Classification number | LA 91 |
| Item number | .H429 2023 |
| 100 1# - MAIN ENTRY--PERSONAL NAME | |
| Personal name | Hermosa, Jherwin P. |
| Relator term | Author |
| 245 10 - TITLE STATEMENT | |
| Title | Philosophy of Education/ |
| Statement of responsibility, etc | Hermosa, Jherwin P. |
| 264 #1 - PUBLICATION, DISTRIBUTION, ETC. (IMPRINT) | |
| Place of publication, distribution, etc | Quezon City |
| Name of publisher, distributor, etc | Central Book Supply, Inc. |
| Date of publication, distribution, etc | 2023 |
| 300 ## - PHYSICAL DESCRIPTION | |
| Extent | xvi, 178 pages; |
| Other physical details | illustrations, |
| Dimensions | 23cm. |
| 336 ## - CONTENT TYPE | |
| Source | rdacontent |
| Content type term | text |
| 337 ## - MEDIA TYPE | |
| Source | rdamedia |
| Media type term | unmediated |
| 338 ## - CARRIER TYPE | |
| Source | rdacarrier |
| Carrier type term | volume |
| 504 ## - BIBLIOGRAPHY, ETC. NOTE | |
| Bibliography, etc | It includes Glossary and Bibliography. |
| 650 ## - SUBJECT ADDED ENTRY--TOPICAL TERM | |
| Source of heading or term | Education. |
| 650 ## - SUBJECT ADDED ENTRY--TOPICAL TERM | |
| Source of heading or term | Philosophy. |
| 700 ## - ADDED ENTRY--PERSONAL NAME | |
| Personal name | Callo, Eden C. |
| Relator term | Author |
| 700 ## - ADDED ENTRY--PERSONAL NAME | |
| Personal name | Andal, Edilberto Z. |
| Relator term | Author |
| 942 ## - ADDED ENTRY ELEMENTS (KOHA) | |
| Source of classification or shelving scheme | Library of Congress Classification |
| Koha item type | Filipiniana |
| Withdrawn status | Lost status | Source of classification or shelving scheme | Damaged status | Not for loan | Home library | Current library | Shelving location | Date acquired | Source of acquisition | Total Checkouts | Full call number | Barcode | Date last seen | Copy number | Price effective from | Koha item type | Collection code |
|---|---|---|---|---|---|---|---|---|---|---|---|---|---|---|---|---|---|
| Library of Congress Classification | Antipolo College Library | Antipolo College Library | Filipiniana Section | 10/23/2025 | Purchased | LA 91 .H429 2023 | URSANT-06193 | 03/24/2026 | 1 | 03/24/2026 | Filipiniana | Non-fiction | |||||
| Library of Congress Classification | Antipolo College Library | Antipolo College Library | Filipiniana Section | 10/23/2025 | Purchased | LA 91 .H429 2023 | URSANT-06194 | 03/24/2026 | 2 | 03/24/2026 | Filipiniana | Non-fiction | |||||
| Library of Congress Classification | Rodriguez College Library | Rodriguez College Library | Filipiniana Section | 02/04/2026 | Purchased | LA 91 .H429 2023 | URSROD-5363 | 02/04/2026 | c1 | 02/04/2026 | Filipiniana |